000 02297nam a22005897a 4500
003 AR-RoUNA
005 20251111160354.0
008 251111b |||||||| |||| 00| 0 spa d
040 _aAR-RoUNA
_bspa
_dAR-RoUNA
041 _aspa
_hfre
044 _aag
100 1 _aBertin, Robert
_927560
245 1 0 _aCimentaciones y obras en recalces /
_cRobert Bertin, Claude Gasc; traduccion por Jorge Ferrer Viñas
246 _aLes fondations et reprises en sous-ceuvre
250 _a1a. ed.
260 _aBarcelona :
_bEditores Tecnicos Asociados S.A,
_c1971
300 _a313 p.:
_bgráficos
_c25x17 cm
505 0 _tINDICE
505 0 _tPRIMERA PARTE
505 0 _tESTUDIOS Y TREBAJOS PRELIMINARES
505 0 _aCap. I. ESTUDIO DEL TERRENO /p.3
505 0 _aCap. II. CONCEPTO Y ESTUDIO GENERAL DE LAS CIMENTACIONES /p. 47
505 0 _aCap. III. TRABAJOS PRELIMINARES SOBRE EL TERRENO /p.67
505 0 _tSEGUNDA PARTE
505 0 _tCIMENTACIONES SUPERFICIALES
505 0 _aCap. I. CIMENTACIONES EN ZANJAS /p.121
505 0 _aCap. II. CIMENTACIONES SOBRE LOSAS, ZAPATAS Y PLACAS /p.135
505 0 _aCap. III. CIMENTACIONES MEDIANTE LOSAS GENERALES O CONTINUAS /p.149
505 0 _tTERCERA PARTE
505 0 _tCIMENTACIONES PROFUNDAS
505 0 _aCap. I. CIMENTACION MEDIANTE POZOS /p.161
505 0 _aCap. II. FUNDACIONES SOBRE PILOTES /p.177
505 0 _aCap. III. CALCULO DE CIMENTOS SOBRE POZOS Y PILOTES /p.213
505 0 _tCUARTA PARTE
505 0 _tCIMENTACIONES ESPECIALES
505 0 _aCap. I. CIMENTACIONES CON SUBPRESION DE AGUA /p.231
505 0 _aCap. II. CIMENTACIONES EN TERRENOS INESTABLES /p.245
505 0 _aCap. III.CIMENTACIONES ANTIVIBRACIONES /p.265
505 0 _tQUINTA PARTE
505 0 _tCONSOLIDACIONES, OBRAS EN RECALCES.
505 0 _aCap. I. CONSOLIDACION DE LAS CIMENTACIONES /p.279
505 0 _aCap. II. CONSTRUCCIONES EN RECALCES DE FABRICA DE MAMPOSTERIA OLADRILLERIA /p.299
650 4 _aCimentaciones
650 4 _aEstudio del terreno
_xSuelo
700 1 _aGasc, Claude
_927562
700 1 _aFerrer Viñals, Jorge
_etra
_927563
908 _aImp
930 _e12276
942 _2ddc
_cLIB
945 _aMIA
_d2025-11-11
980 _61
_aMaricel Allasia
_81
_gMaricel Allasia
999 _c12235
_d12235